书目信息 |
| 题名: |
火山和地震
|
|
| 作者: | 石 工 编 | |
| 分册: | ||
| 出版信息: | 北京 人民出版社 1974 |
|
| 页数: | 128页 | |
| 开本: | 20cm | |
| 丛书名: | ||
| 单 册: | ||
| 中图分类: | P317 | |
| 科图分类: | ||
| 主题词: | 岩石--物理学 , 固体地球物理学 | |
| 电子资源: | ||
| ISBN: | ||
| 000 | 00562nam0 2200217 450 | |
| 001 | 0632104983 | |
| 005 | 20060721085653.09 | |
| 010 | @dCNY0.24 | |
| 100 | @a20060721d1974 km y0chiy0120 ea | |
| 101 | 0 | @achi |
| 102 | @aCN@b110000 | |
| 200 | 1 | @a火山和地震@Ahuo shan he di zhen@f石 工 编@Fshi gong bian |
| 210 | @a北京@c人民出版社@d1974 | |
| 215 | @a128页@d20cm | |
| 300 | @a少年自然科学丛书 | |
| 606 | 0 | @a岩石@x物理学 |
| 606 | 0 | @a固体地球物理学 |
| 690 | @aP317@v3 | |
| 701 | 0 | @a石 工@Ashi gong@4编 |
| 801 | 0 | @aCN@bPFT@c20060721 |
| 905 | @a10447@dP317@e61 | |
| 火山和地震/石 工 编.-北京:人民出版社,1974 |
| 128页;20cm |
| 少年自然科学丛书 |
| ISBN :CNY0.24 |
| ● |
| 相关链接 |
|
|
|
|
正题名:火山和地震
索取号:P317/61
 
预约/预借
| 序号 | 登录号 | 条形码 | 馆藏地/架位号 | 状态 | 备注 |
| 1 | 0437894 | 204378949 | 密集书库/ [索取号:P317/61] | 在馆 |